|
|
|
|
| LEADER |
00000nam a2900000 u 4500 |
| 001 |
000079997 |
| 005 |
20190122110300.0 |
| 008 |
190122s1997 sp 000 0 spa d |
| 020 |
|
|
|a 9701503147
|
| 040 |
|
|
|a MX-MxUAM
|b spa
|c MX-MxUAM
|
| 041 |
0 |
|
|a spa
|
| 050 |
|
4 |
|a QA76.76 O6.3
|b S3.59
|
| 090 |
|
|
|a QA76.76 O6.3
|b S3.59
|
| 100 |
1 |
|
|a Sánchez Prieto, Sebastián
|
| 245 |
1 |
0 |
|a UNIX :
|b guía del usuario.
|
| 260 |
|
|
|a Madrid :
|b RA-MA,
|c 1997.
|
| 300 |
|
|
|a 330 p. :
|b il.
|
| 650 |
|
4 |
|a UNIX (Sistema operativo para computadoras)
|x Manuales
|
| 905 |
|
|
|a LIBROS
|
| 938 |
|
|
|c CBI
|
| 949 |
|
|
|a Biblioteca UAM Iztapalapa
|b Colección General
|c QA76.76 O6.3 S3.59
|